Central Library OPAC University of Rajshahi

Economic cooperation in the Middle East / (Record no. 58997)

MARC details
000 -LEADER
fixed length control field 00909nam a2200277 a 4500
001 - CONTROL NUMBER
control field 58997
003 - CONTROL NUMBER IDENTIFIER
rucl marc code BD-RjUL
005 - DATE AND TIME OF LATEST TRANSACTION
control field 20211209080701.0
008 - FIXED-LENGTH DATA ELEMENTS--GENERAL INFORMATION
fixed length control field 161220s1989 enka b 001 0 eng
020 ## - INTERNATIONAL STANDARD BOOK NUMBER
International Standard Book Number 0813375355 (alk. paper)
035 ## - SYSTEM CONTROL NUMBER
System control number (BD-RjUL)59121
040 ## - CATALOGING SOURCE
Original cataloging agency DLC
Transcribing agency DLC
Modifying agency BD-RjUL
Language of cataloging eng
041 ## - LANGUAGE CODE
Language code of text/sound track or separate title eng
082 00 - DEWEY DECIMAL CLASSIFICATION NUMBER
Classification number 337.156
Edition number 23
Author mark and year ECO 1989
245 10 - TITLE STATEMENT
Title Economic cooperation in the Middle East /
Statement of responsibility, etc. edited by Gideon Fishelson.
260 ## - PUBLICATION, DISTRIBUTION, ETC. (IMPRINT)
Place of publication, distribution, etc. Boulder :
Name of publisher, distributor, etc. Westview Press,
Date of publication, distribution, etc. c1989.
300 ## - PHYSICAL DESCRIPTION
Pagination xi, 372 p. :
Illustrations ill. ;
Size 24 cm.
500 ## - GENERAL NOTE
General note Include index
650 #0 - SUBJECT ADDED ENTRY--TOPICAL TERM
Topical term or geographic name as entry element Jewish-Arab relations
General subdivision Economic aspects.
9 (RLIN) 175439
Topical term or geographic name as entry element Economic development projects
Geographic subdivision Middle East.
9 (RLIN) 175440
651 #0 - SUBJECT ADDED ENTRY--GEOGRAPHIC NAME
Geographic name Middle East
General subdivision Economic conditions.
9 (RLIN) 175441
Geographic name Middle East
General subdivision Economic integration.
9 (RLIN) 175442
700 1# - ADDED ENTRY--PERSONAL NAME
Personal name Fishelson, Gideon.
942 ## - ADDED ENTRY ELEMENTS (KOHA)
Source of classification or shelving scheme Dewey Decimal Classification
Koha item type Books
Holdings
Lost status Source of classification or shelving scheme Damaged status Not for loan Collection code Permanent Location Current Location Shelving location Date acquired Source of acquisition Total Checkouts Full call number Date last seen Copy number Koha item type
  Dewey Decimal Classification   Not For Loan Non-fiction Central Library, University of Rajshahi Central Library, University of Rajshahi Reading Room 09/09/1993 Asia foundation   337.156 ECO 1989 20/12/2016 C-1 Books